[Event "Arapiraca Lopez Memorial 1st"]
[Site "Arapiraca"]
[Date "2016.??.??"]
[Round "3"]
[White "Pereira, Luma Valeria Rodrig"]
[Black "Barbosa, Gabriel Henrique De"]
[Result "0-1"]
[WhiteElo "1800"]
[BlackElo "1800"]
[PlyCount "62"]
[EventDate "2016.07.16"]
[EventType "swiss"]
[EventRounds "6"]
[EventCountry "BRA"]
[SourceTitle "EXT 2017"]
[Source "ChessBase"]
[SourceDate "2016.10.25"]
[SourceVersion "1"]
[SourceVersionDate "2016.10.25"]
[SourceQuality "1"]

1. e4 e5 2. Nf3 Nc6 3. Nc3 Nf6 4. Bc4 d6 5. 0-0 Be7 6. d3 h6 7. Nh4 0-0 8. Qf3 Nd4 9. Qe3 Nxc2 10. Qe2 Nxa1 11. Nb5 d5 12. exd5 Nxd5 13. Qxe5 c6 14. d4 Be6 15. Bd3 cxb5 16. Be4 Bxh4 17. g3 Bf6 18. Qh5 Qd7 19. Bxh6 Bg4 20. Qxd5 Qxd5 21. Bxd5 gxh6 22. Rxa1 Rad8 23. Bxb7 Rxd4 24. Bc6 Rfd8 25. Kg2 Rd1 26. Rxd1 Rxd1 27. f3 Rd2+ 28. Kg1 Bh3 29. Bxb5 Bd4+ 30. Kh1 Rd1+ 31. Bf1 Rxf1# 0-1